000 00402nam a22001697a 4500
003 OSt
005 20251004110953.0
007 1274 pages
008 251004b |||||||| |||| 00| 0 eng d
020 _a9789358702507
040 _c
082 _223
_a510
_bDAS
245 _aAdvanced Engineering Mathematics
_cDass,H.K
250 _a23
260 _bS.Chand
_c2025
942 _2ddc
_cBK
_e23
_k510
_mDAS
_n0
999 _c36255
_d36255